000 00376nam a2200133Ia 4500
008 151001s9999||||xx |||||||||||||| ||und||
100 _aवैजयंती काळे
245 _aवैभवाची वाट
250 _a1
260 _bराजेंद्र प्रकाशन ठाणे
260 _c1982
300 _a276
365 _b18
999 _c963372
_d963369